LEADER 02995nam a22005177a 4500
001 45523
003 BD-DhAAL
005 20260504115940.0
008 260420t2025 bg ||||| b||| 00| 0 ben d
020 |a 9789849949596 
020 |a 9841807386101 
040 |a BD-DhAAL  |d BD-DhAAL 
041 0 |a ben 
082 0 0 |a 320.95492  |2 23 
245 |a বাঙালির রাজনীতিচিন্তা.  |n ষোড়শ খণ্ড /  |c সম্পাদক, খোন্দকার মোকাদ্দেম হোসেন ; গ্রন্থমালা সম্পাদক, আবদুল্লাহ আবু সায়ীদ. 
246 3 |a Bangalir chintamulok rochona shongroho :  |b rajniti [shorosh khondo] 
246 3 |a A collection of Bengali thoughts :  |b politics [volume : 16] 
260 |a ঢাকা :  |b বিশ্বসাহিত্য কেন্দ্র,  |c ২০২৫. 
300 |a ৬১৮ পৃষ্ঠা ;  |c ২২ সে.মি. 
362 0 |a Vol. 16 
490 1 |a বাঙালির চিন্তামূলক রচনা সংগ্রহ ;  |v ১৩৭ 
490 1 |a বিশ্বসাহিত্য কেন্দ্র প্রকাশনা ;  |v ৭৩৯ 
500 |a প্রথম প্রকাশ. 
504 |a গ্রন্থপঞ্জিগত নির্দেশিকা অন্তর্ভুক্ত। 
526 8 |a AAL, RS 
541 1 |a Bishwo Shahitto Kendro  |e 45524, 45643 
650 0 |a Political activity  |z India  |z Bengal. 
650 0 |a Politics and government. 
650 0 |a West Bengal (India)  |x Politics and government.  |9 60462 
650 0 |a Bengal (India)  |x Politics and government. 
650 0 |a Political culture  |z Bangladesh. 
650 0 |a Political atrocities  |z Bangladesh.  |9 18071 
650 0 |a Democracy  |z Bangladesh. 
650 0 |a Political planning  |z Bangladesh. 
650 0 |a Political science. 
650 0 |a Public administration  |z Bangladesh. 
651 0 |a Bangladesh  |x Politics and government. 
700 1 |a হোসেন, খোন্দকার মোকাদ্দেম.  |9 60463 
700 1 |a সায়ীদ, আবদুল্লাহ আবু. 
830 0 |a বাঙালির চিন্তামূলক রচনা সংগ্রহ ;  |v ১৩৭ 
830 0 |a বিশ্বসাহিত্য কেন্দ্র প্রকাশনা ;  |v ৭৩৯ 
852 1 |a Ayesha Abed Library  |c Reference 
942 |2 ddc  |c BK 
999 |c 47815  |d 47815 
952 |0 0  |1 0  |2 ddc  |4 0  |6 320_954920000000000_BAN  |7 1  |9 78997  |a SCL  |b SCL  |c REF  |d 2026-04-19  |e Bishwo Shahitto Kendro  |g 780.00  |l 0  |o 320.95492 BAN  |p 3020045643  |r 2026-04-19  |t 2  |v 1560.00  |w 2026-04-19  |y BK  |x Requisitioned by Ayesha Abed Library, BRAC University 
952 |0 0  |1 0  |2 ddc  |4 0  |6 320_954920000000000_BAN  |7 1  |9 78998  |a BRACUL  |b BRACUL  |c REF  |d 2026-04-19  |e Bishwo Shahitto Kendro  |g 780.00  |l 0  |o 320.95492 BAN  |p 3010045524  |r 2026-04-19  |t 1  |v 1560.00  |w 2026-04-19  |y BK  |x Requisitioned by Ayesha Abed Library, BRAC University